000
00264nam a22001097a 4500
008
170116b xxu||||| |||| 00| 0 eng d
020
_a
9781416029137
041
_a
eng
080
_2
5TH
_a
618.2
245
_a
INTERPERSONAL RELATIONSHIPS
_c
ARNOLD, E.C
942
_2
udc
_c
BK
999
_c
2968
_d
2968